01551nam a2200373 a 4500001001000000003000500010005001700015008004100032010001100073011001100084040000900095090001000104100004400114245016000158260004100318500006000359502008500419590004000504590004000544650004100584650002700625650002700652650002800679650002900707650003100736700003200767856007000799901000700869942001000876942000600886999001900892952013100911952013501042000113831CHAP20220329144415.0170928s2017 mx a fsm |||||||spa d a110292 a111264 cCHAP aTesis1 aJauregui García, Carla Zulema913353110aValores, simbolismo y emociones en cosumidores de quesillo de Reyes, Etla, Oaxaca /h[En línea]cpor Carla Zulema Jauregui García y Pablo Cano Magdiel. aChapingo, Méx. :bEl autor,c2017. aPara ver el contenido del material haga clic en la liga aTesis (Ing. Agroindustrial) -- UACH. Departamento de Ingeniería Agroindustrial aE8697GMMb05c20170928lUCH01h1416 aE8697GMMb05c20170928lUCH01h143714aQuesoxAnálisis sensorial.913200914aQuesoxCalidad.99322514aQuesoxConsumo.99322714aQuesoxMercadeo.99323014aQuesoxProcesado.99323314aQuesoxVariedades.9125836 aPablo Cano, Magdiel9133532 aFinding aiduhttp://10.13.5.2/tesis/sist113831.pdfzTeclea aquí aBK cTESIS n0 c110292d110292 00104054718TESISaBCbBCd2017-09-28fTESISl0oTesisp113833-10r2019-12-31 00:00:00w2019-12-31yTESISzRecien adquirido 00102local4053708TESISaBCbBCcPA_TESISd2017-09-28fTESISl0oTesisp113833-20r2019-12-31 00:00:00tc.2w2019-12-31yTESIS